Statistics for Biggest cities in Nordic Countries

Click here to take the quiz!

General Stats

  • This quiz has been taken 301 times
    (104 since last reset)
  • The average score is 15 of 20

Answer Stats

PopulationCountryCity% Correct
2666,759NorwayOslo
100%
4613,288DenmarkCopenhagen
99%
1935,619SwedenStockholm
99%
3636,365FinlandHelsinki
98%
7328,494SwedenMalmö
93%
8278,556NorwayBergen
90%
6340,421DenmarkAarhus
84%
5556,640SwedenGothenburg
84%
16190,464NorwayTrondheim
80%
17187,686FinlandTurku
80%
10228,355FinlandTampere
75%
13211,937DenmarkAalborg
73%
14200,563DenmarkOdense
72%
15200,486FinlandOulu
72%
12214,559SwedenUppsala
72%
9274,672FinlandEspoo
66%
11219,400FinlandVantaa
54%
18155,817SwedenLinköping
48%
19147,420SwedenVästerås
44%
20146,631SwedenÖrebro
38%

Score Distribution

Percentile by Number Answered

Percent of People with Each Score

Your Score History

You have not taken this quiz since the last reset